MARC

LEADER 00000nam0a2200000 4500
001 250238
005 20231101232538.0
010 |a 5110006512 
020 |a UA  |b 89-14751 
035 |a (RuTPU)RU\TPU\book\272416 
090 |a 250238 
100 |a 20140212d1988 k a0rusy5003 ca 
101 0 |a rus 
102 |a UA 
105 |a y z 001zy 
200 1 |a Использование достижений науки и техники в условиях интенсификации производства  |f В. А. Бровченко, А. Д. Заруба 
210 |a Харьков  |c Выща шк  |d 1988 
215 |a 144 с. 
320 |a Библиогр. в примеч.: с. 137-141. 
606 1 |a Научно-технический прогресс  |y СССР  |y Россия  |2 stltpush  |3 (RuTPU)RU\TPU\subj\36489  |9 57849 
610 1 |a наука 
610 1 |a народное хозяйство 
610 1 |a связь с производством 
610 1 |a СССР 
610 1 |a управление 
610 1 |a экономический рост 
610 1 |a экономический механизм 
610 1 |a эффективность 
686 |a У9(2)0-551  |2 rubbk 
700 1 |a Бровченко  |b В. А.  |g Виталий Андреевич  |4 070 
701 1 |a Заруба  |b А. Д.  |g Александр Данилович  |4 070 
801 0 |a RU  |b RuMRKP  |c 19950417  |g psbo 
801 1 |a RU  |b 63413507  |c 20140212 
801 2 |a RU  |b 63413507  |c 20140328  |g RCR 
942 |c BK